LIBRARY ONLINE CATALOGUE

Cardiac catheterization and coronary intervention / (Record no. 9912)

MARC details
000 -LEADER
fixed length control field 00660cam a22002052 4500
001 - CONTROL NUMBER
control field 0000023663
005 - DATE AND TIME OF LATEST TRANSACTION
control field 20151217152246.0
008 - FIXED-LENGTH DATA ELEMENTS--GENERAL INFORMATION
fixed length control field 130315s xx 000 0 eng d
020 ## - INTERNATIONAL STANDARD BOOK NUMBER
International Standard Book Number 019929579 :
040 ## - CATALOGING SOURCE
Original cataloging agency KABU
Transcribing agency KABU
245 10 - TITLE STATEMENT
Title Cardiac catheterization and coronary intervention /
Statement of responsibility, etc. edited by Andrew R. J. Mitchell ... [et al.].
250 ## - EDITION STATEMENT
Edition statement 1st ed.
260 ## - PUBLICATION, DISTRIBUTION, ETC. (IMPRINT)
Place of publication, distribution, etc. Oxford :
Name of publisher, distributor, etc. O. U. P.,
Date of publication, distribution, etc. 2008.
300 ## - PHYSICAL DESCRIPTION
Extent xxii, 282 p.
650 #0 - SUBJECT ADDED ENTRY--TOPICAL TERM
Topical term or geographic name as entry element Heart catheterization
Form subdivision Handbooks
General subdivision Methods.
-- 0000183254
700 1# - ADDED ENTRY--PERSONAL NAME
Personal name Mitchell, Andrew R. J.
-- 0000183255
852 1# - LOCATION
-- p4095 KES
908 ## - PUT COMMAND PARAMETER (RLIN)
Put command parameter 130315
950 ## - LOCAL HOLDINGS (RLIN)
-- 1
Holdings
Withdrawn status Lost status Source of classification or shelving scheme Not for loan Home library Current library Date acquired Total Checkouts Full call number Barcode Date last seen Price effective from Koha item type
    Library of Congress Classification   Kabarak, Main Campus Kabarak, Main Campus 17/12/2015   RC683.5 .C25C37 c. 1 014601 17/12/2015 17/12/2015 General Collection